Statistics for Subdivisions of Medieval Europe With a Map

Click here to take the quiz!

General Stats

  • This quiz has been taken 224 times
    (190 since last reset)
  • The average score is 33 of 105

Answers on the Map

Answers color-coded by a green-red scale on the quiz's map according to % correct below.
 

Answer Stats

Answer% Correct
Duchy of Poland
86%
Kingdom of Denmark
84%
Kingdom of Scotland
84%
Wales
84%
Kingdom of Hungary
82%
Venetian Republic
81%
Kingdom of Norway
80%
Kingdom of Sweden
80%
County of Normandy
78%
Serbia
76%
Ireland
74%
Duchy of Bavaria
73%
Duchy of Brittany
72%
Sardinia
70%
Kingdom of Aragon
68%
Sicily
68%
Kingdom of Burgundy
67%
Corsica
66%
Duchy of Bohemia
66%
March of Austria
65%
Duchy of Saxony
64%
Papal State
64%
Kingdom of Croatia
61%
Kingdom of Leon
61%
Naples
59%
Crete
57%
Cyprus
57%
Bulgaria
55%
County of Flanders
55%
Kingdom of Castille
53%
Lombardy
53%
March of Moravia
51%
Caliphate of Cordoba
49%
Duchy of Aquitaine
48%
Kingdom of Barcelona
47%
Kingdom of Navarre
47%
Friesland
42%
Thrace
39%
Kievan Rus
34%
Duchy of Gascony
33%
Macedonia
32%
Thuringia
32%
Calabria
30%
Duchy of Swabia
30%
County of Toulouse
28%
Duchy of Carinthia
24%
Antioch
20%
Cappadocia
20%
County of Champagne
20%
March of Verona
19%
Balearic Islands
18%
Benevento
18%
Spoleto
17%
Cilicia
16%
Fatimid Caliphate
16%
Orkney Islands
16%
Salerno
16%
Shetland Islands
16%
Duchy of Francia
13%
Duchy of Lower Lorraine
13%
Duchy of Upper Lorraine
13%
Hebredian Islands
13%
Romagna
12%
Capua
11%
Kingdom of England
11%
Lombardia
11%
Hellas
9%
Mesopotamia
9%
Cherson
7%
March of Meissen
7%
Paphlagonia
7%
Duchy of East Franconia
6%
Duchy of West Franconia
6%
Nicopolis
6%
Duchy of Burgundy
5%
March of Lausitz
5%
March of Nordgau
5%
Samos
5%
Seleucia
5%
Thessalonica
5%
Cephalonia
4%
Chaldea
4%
Danish March
4%
Peloponnesus
4%
Sebastea
4%
Tuscia
4%
Armeniacon
3%
Bucellatiorum
3%
Dyrrhachium
3%
Strymon
3%
Thracesian
3%
Aegean Isles
2%
Hamdanid Dynasty
2%
Paristrion/Paristrium
2%
Anatolicon
1%
Charsianon
1%
Cibyraeotarum
1%
Colonea/Koloneia
1%
Lycandus
1%
Melitene
1%
Opsicium
1%
Optimatum
1%

Score Distribution

Percentile by Number Answered

Percent of People with Each Score

Your Score History

You have not taken this quiz since the last reset